| 000 | 00776cam a2200205 i 4500 | ||
|---|---|---|---|
| 003 | IT-RoINE | ||
| 005 | 20200909090008.0 | ||
| 008 | 920725s1913 sp r |dspa d | ||
| 040 |
_aSpMaBN _cA2 IT-RoINE _dIT-RoINE |
||
| 245 | 0 | 0 |
_aDevocionario de Santa Zita virgen patrona de las sirvientas / _carreglado por el P.B.L. de la Compañía de Jesús. |
| 260 |
_aMadrid : _bTipografía del Sagrado Corazón, _c1913. |
||
| 300 |
_a383 p., [1] h. de lám. ; _c14 cm. |
||
| 336 |
_2rdacontent _atext |
||
| 337 |
_2rdamedia _aunmediated |
||
| 338 |
_2rdacarrier _avolume |
||
| 500 | _aIncluye apéndices de cánticos religiosos. | ||
| 600 | 0 | 4 |
_aZita de Luca, _cSanta, _d1218-1272 _xLibros de oraciones y devocionarios _968958 |
| 650 | 4 |
_94218 _aLiteratura de devoción |
|
| 942 | _cMTS | ||
| 999 |
_c34576 _d34576 |
||